UBT Library

Marketing : (Record no. 505)

000 -LEADER
fixed length control field 00561nam a22001937a 4500
005 - DATE AND TIME OF LATEST TRANSACTION
control field 20150921073420.0
008 - FIXED-LENGTH DATA ELEMENTS--GENERAL INFORMATION
fixed length control field 050915s2006 nju b 001 0 eng
020 ## - INTERNATIONAL STANDARD BOOK NUMBER
International Standard Book Number 0131865919
024 #0 - OTHER STANDARD IDENTIFIER
Terms of availability eng
080 ## - UNIVERSAL DECIMAL CLASSIFICATION NUMBER
Universal Decimal Classification number 339.138
100 1# - Rafti
Rafti Armstrong, Gary
100 1# - Rafti
-- (Gary M.)
245 10 - TITLE STATEMENT
Title Marketing :
Statement of responsibility, etc Gary Armstrong & Philip Kotler.
250 ## -
-- 8th ed.
260 ## -
-- Upper Saddle River, N.J. :
-- Pearson Prentice Hall,
-- 2006.
300 ## -
-- p. cm.
-- me il.;
-- 28 cm,
-- + Guidebook
650 #0 -
-- Marketingu
700 1# -
-- Kotler, Philip.
942 ## - ADDED ENTRY ELEMENTS (KOHA)
Source of classification or shelving scheme
Item type Books
Holdings
Withdrawn status Lost status Source of classification or shelving scheme Damaged status Not for loan Collection code Permanent location Current location Shelving location Date acquired Total Checkouts Full call number Barcode Date last seen Koha item type Price effective from
          Koleksioni i përgjithshem UBT - Ferizaj UBT - Ferizaj Koleksioni i përgjithshem 07/31/2014   339.138 ARM 003000754 07/31/2014 Books  
          Koleksioni i përgjithshem UBT - Ferizaj UBT - Ferizaj Koleksioni i përgjithshem 07/31/2014   339.138 ARM 003000755 07/31/2014 Books  
          Koleksioni i përgjithshem UBT - Ferizaj UBT - Ferizaj Koleksioni i përgjithshem 07/31/2014   339.138 ARM 003000756 07/31/2014 Books  
          Koleksioni i përgjithshem UBT - Ferizaj UBT - Ferizaj Koleksioni i përgjithshem 07/31/2014   339.138 ARM 003000757 07/31/2014 Books  
          Koleksioni i përgjithshem UBT - Ferizaj UBT - Ferizaj Koleksioni i përgjithshem 07/31/2014   339.138 ARM 003000758 07/31/2014 Books  
          Koleksioni i përgjithshem UBT - Ferizaj UBT - Ferizaj Koleksioni i përgjithshem 07/31/2014   339.138 ARM 003000759 07/31/2014 Books  
          Koleksioni i përgjithshem UBT - Ferizaj UBT - Ferizaj Koleksioni i përgjithshem 07/31/2014   339.138 ARM 003000760 07/31/2014 Books  
          Koleksioni i përgjithshem UBT - Ferizaj UBT - Ferizaj Koleksioni i përgjithshem 07/31/2014   339.138 ARM 003000761 07/31/2014 Books  
          Koleksioni i përgjithshem UBT - Ferizaj UBT - Ferizaj Koleksioni i përgjithshem 07/31/2014   339.138 ARM 003000762 07/31/2014 Books  
          Koleksioni i përgjithshem UBT - Ferizaj UBT - Ferizaj Koleksioni i përgjithshem 07/31/2014   339.138 ARM 003000763 07/31/2014 Books  
          Koleksioni i përgjithshem UBT - Lipjan UBT - Lipjan Koleksioni i përgjithshem 05/20/2015   339.138 ARM 002-007624 05/20/2015 Books 05/20/2015
          Koleksioni i përgjithshem UBT - Lipjan UBT - Lipjan Koleksioni i përgjithshem 09/22/2015   339.138 ARM 002-007625 09/22/2015 Books 09/22/2015
          Koleksioni i përgjithshem UBT - Lipjan UBT - Lipjan Koleksioni i përgjithshem 09/22/2015   339.138 ARM 002-007626 09/22/2015 Books 09/22/2015
          Koleksioni i përgjithshem UBT - Lipjan UBT - Lipjan Koleksioni i përgjithshem 09/22/2015   339.138 ARM 002-007627 09/22/2015 Books 09/22/2015
          Koleksioni i përgjithshem UBT - Lipjan UBT - Lipjan Koleksioni i përgjithshem 09/22/2015   339.138 ARM 002-007628 09/22/2015 Books 09/22/2015
          Koleksioni i përgjithshem UBT - Lipjan UBT - Lipjan Koleksioni i përgjithshem 09/22/2015   339.138 ARM 002-007629 09/22/2015 Books 09/22/2015
          Koleksioni i përgjithshem UBT - Lipjan UBT - Lipjan Koleksioni i përgjithshem 12/03/2015   339.138 ARM 002-008657 12/03/2015 Books 12/03/2015
          Koleksioni i përgjithshem UBT - Prishtine UBT - Prishtine Koleksioni i përgjithshem 06/02/2015   339.138 ARM   06/02/2015 Books  
UBT Library © 2015-2024. All rights reserved University Education for Business and Technology